Galileo Galilei
Spremljeno u:
| Glavni autor: | |
|---|---|
| Format: | Knjiga |
| Jezik: | španjolski |
| Izdano: |
Barcelona
Herder
1986
|
| Serija: | Biblioteca de Filosofía, 20
|
| Teme: | |
| Oznake: |
Dodaj oznaku
Bez oznaka, Budi prvi tko označuje ovaj zapis!
|
MARC
| LEADER | 00000nam a2200000 a 4500 | ||
|---|---|---|---|
| 001 | UCH1056 | ||
| 003 | CL-VaPUC | ||
| 008 | 090409e19860000SP |||||||||||||||||spa|d | ||
| 020 | |a 84.25414733 | ||
| 082 | 0 | 4 | |a 925.2 |b FIS |2 21 |
| 100 | 0 | |a Fischer, Klaus |e author |9 535394 | |
| 245 | 1 | 0 | |a Galileo Galilei |
| 300 | |a 182 p | ||
| 942 | |c BK | ||
| 945 | |d 20090409 00:00:00 |a rbrito | ||
| 260 | |a Barcelona |b Herder |c 1986 | ||
| 600 | 0 | |a Galilei, Galileo |9 264973 | |
| 650 | 0 | |a Biografías |9 255210 | |
| 650 | 0 | |a Científicos |9 262025 | |
| 650 | 7 | |a CIENCIA RENACENTISTA |2 CL-VaPUC |9 320360 | |
| 650 | 0 | |a Astronomía |9 260985 | |
| 583 | |a last modification |c 20090409 00:00:00 |k Rodrigo Vera | ||
| 490 | 0 | |a Biblioteca de Filosofía, 20 | |
| 999 | |c 333136 |d 333134 | ||
| 952 | |0 0 |1 0 |4 0 |6 925_200000000000000_FIS_1986 |7 0 |8 A |9 421334 |a BIBCUR |b BIBCUR |d 2019-11-22 |i 4532465 |o 925.2 FIS 1986 |p 4532465 |r 2025-04-22 |w 2019-11-22 |y BK |k FIS | ||